书目信息 |
| 题名: |
hotel design bible global top0 hotel
|
|
| 作者: | Allen Hong , Jam Mar , Siyan Yang | |
| 分册: | ||
| 出版信息: | Hong Kong Artpower International Publishing Co.,Ltd. 2011 |
|
| 页数: | ||
| 开本: | ||
| 丛书名: | ||
| 单 册: | ||
| 中图分类: | TU247.3 | |
| 科图分类: | ||
| 主题词: | 民用建筑--建筑设计 | |
| 电子资源: | ||
| ISBN: | 978-988-19-1255-8 | |
| 000 | 00595nam0 2200193 450 | |
| 001 | 1247127449 | |
| 005 | 20120225133017.59 | |
| 010 | @a978-988-19-1255-8@dCNY1088.00 | |
| 100 | @a20120225d2011 km y0chiy0120 ea | |
| 101 | 0 | @achi |
| 200 | 1 | @ahotel design bible global top0 hotel@fAllen Hong,Jam Mar,Siyan Yang |
| 210 | @aHong Kong@cArtpower International Publishing Co.,Ltd.@d2011 | |
| 606 | 0 | @a民用建筑@x建筑设计 |
| 690 | @aTU247.3@v4 | |
| 701 | 0 | @aAllen Hong |
| 701 | 0 | @aJam Mar |
| 701 | 0 | @aSiyan Yang |
| 801 | 0 | @aCN@b大连网信软件有限公司图书馆·11@c20120225 |
| 905 | @aZUCC@dTU247.3@eA365 | |
| hotel design bible global top0 hotel/Allen Hong,Jam Mar,Siyan Yang.-Hong Kong:Artpower International Publishing Co.,Ltd.,2011 |
| ISBN 978-988-19-1255-8:CNY1088.00 |
| ● |
| 相关链接 |
|
|
|
正题名:hotel design bible global top0 hotel
索取号:TU247.3/A365
 
预约/预借
| 序号 | 登录号 | 条形码 | 馆藏地/架位号 | 状态 | 备注 |
| 1 | 484099 | 204840994 | 建筑库101/101建筑库 100排6列3层/ [索取号:TU247.3/A365] | 在馆 |